000 00744nam a2200253Ia 4500
005 20250425162736.0
008 250425s9999 xx 000 0 und d
020 _a1578512506
041 _aeng
043 _axxu
082 _a658.4012
100 _aKAPLAN, ROBERT S.
245 0 _aTHE STRATEGY-FOCUSED ORGANIZATION : HOW BALANCE SCORED COMPANIES THRIVE IN THE NEW BUSINESS ENVIRONMENT
250 _a1ST ED.
260 _aBOSTON
260 _aEstados Unidos
_bHARVARD BUSINESS SCHOOL PUBLISHING CORPORATION
_c2001
300 _a397
500 _aCONTIENE CUADROS Y TABLAS
650 _aPLANIFICACION ESTRATEGICA
650 _aSTRATEGIC PLANNING
710 _aHARVARD BUSINESS SCHOOL PRESS
942 _c01
010 _a104493
999 _c235521
_d235521